[Event "EU-Cup Online Gr-E (Women)"]
[Site "Tornelo INT"]
[Date "2020.12.20"]
[Round "6.1"]
[White "Pert, Nina P"]
[Black "Shabanaj, Alda"]
[Result "1-0"]
[WhiteElo "1537"]
[BlackElo "1841"]
[PlyCount "45"]
[EventDate "2020.12.19"]
[EventType "team-tourn (rapid)"]
[EventRounds "9"]
[EventCountry "ISS"]
[SourceTitle "CBM 199 Extra"]
[Source "ChessBase"]
[SourceDate "2021.01.31"]
[SourceVersion "1"]
[SourceVersionDate "2021.01.31"]
[SourceQuality "1"]
[WhiteTeam "She Plays To Win (W)"]
[BlackTeam "Klubi i Kampioneve (W)"]
[WhiteTeamCountry "ENG"]
[BlackTeamCountry "ALB"]

1. e4 c6 2. d4 d5 3. e5 c5 4. dxc5 e6 5. Be3 Nc6 6. Bd4 Qa5+ 7. c3 Bxc5 8. b4 Nxb4 9. cxb4 Qxb4+ 10. Bc3 Qb6 11. Nh3 Ne7 12. Bd3 Bd7 13. 0-0 Nc6 14. Qd2 d4 15. Bb2 Nxe5 16. Na3 Nxd3 17. Nc4 Qb4 18. Qxd3 b5 19. Ne5 Qxb2 20. Qf3 0-0 21. Nxd7 Rfc8 22. Nxc5 Rxc5 23. Qxa8+ 1-0

[Event "Online Olym Div3 A"]
[Site "Chess.com INT"]
[Date "2020.08.07"]
[Round "3.5"]
[White "Ning, Isabelle Yixuan"]
[Black "Shabanaj, Alda"]
[Result "1-0"]
[WhiteElo "1758"]
[BlackElo "1841"]
[PlyCount "89"]
[EventDate "2020.08.07"]
[EventType "team-tourn (rapid)"]
[EventRounds "9"]
[EventCountry "USA"]
[SourceTitle "CBM 198"]
[Source "ChessBase"]
[SourceDate "2020.10.31"]
[SourceVersion "1"]
[SourceVersionDate "2020.10.31"]
[SourceQuality "1"]
[WhiteTeam "New Zealand"]
[BlackTeam "Albania"]
[WhiteTeamCountry "NZL"]
[BlackTeamCountry "ALB"]

1. d4 Nf6 2. c4 d6 3. Nc3 g6 4. e4 Bg7 5. Nf3 c6 6. Be2 0-0 7. 0-0 Qc7 8. Bf4 Nbd7 9. c5 Nh5 10. cxd6 exd6 11. Be3 Re8 12. Rc1 a6 13. d5 c5 14. a3 Bxc3 15. Rxc3 Nhf6 16. e5 Nxe5 17. Nxe5 Rxe5 18. Bf3 Bf5 19. Bd4 Rxd5 20. Bxd5 Nxd5 21. Rc1 Nf4 22. b4 Qc6 23. f3 Qb5 24. bxc5 Ne2+ 25. Kh1 Nxc1 26. Qxc1 dxc5 27. Bf6 Qc6 28. Qc3 Re8 29. Bh8 f6 30. Bxf6 Kf7 31. Bh8 Rg8 32. Re1 b5 33. Qe5 Qe6 34. Qc7+ Qd7 35. Qe5 Qe6 36. Qc3 Qd6 37. Be5 Qd3 38. Qxc5 Re8 39. Qc7+ Re7 40. Qc6 Qd2 41. Qf6+ Ke8 42. Rg1 Qd5 43. Bd6 Rf7 44. Re1+ Kd7 45. Re7+ 1-0

[Event "Olympiad Women-43"]
[Site "Batumi"]
[Date "2018.09.27"]
[Round "4.53"]
[White "Shabanaj, Alda"]
[Black "Hernandez Bonilla, Amelia"]
[Result "1/2-1/2"]
[WhiteElo "1853"]
[BlackElo "2044"]
[PlyCount "92"]
[EventDate "2018.09.24"]
[EventType "team-swiss"]
[EventRounds "11"]
[EventCountry "GEO"]
[SourceTitle "EXT 2020"]
[Source "ChessBase"]
[SourceDate "2019.10.17"]
[SourceVersion "1"]
[SourceVersionDate "2019.10.17"]
[SourceQuality "1"]
[WhiteTeam "Albania (W)"]
[BlackTeam "Venezuela (W)"]
[WhiteTeamCountry "ALB"]
[BlackTeamCountry "VEN"]

1. d4 Nf6 2. c4 e6 3. Nf3 Bb4+ 4. Bd2 Bxd2+ 5. Nbxd2 d6 6. e3 Nbd7 7. Bd3 b6 8. 0-0 Bb7 9. Rc1 0-0 10. e4 e5 11. d5 Nc5 12. Bb1 a5 13. Re1 Re8 14. Nb3 Nh5 15. Nxc5 bxc5 16. Rc3 Bc8 17. Bd3 Bg4 18. h3 Bd7 19. Bf1 Nf4 20. Kh2 a4 21. g3 Ng6 22. h4 Bg4 23. Bh3 Bxh3 24. Kxh3 Qd7+ 25. Kg2 h6 26. Nh2 Reb8 27. b3 Rb4 28. Qg4 Qxg4 29. Nxg4 Ne7 30. Ne3 axb3 31. axb3 c6 32. Rd1 cxd5 33. Nxd5 Nxd5 34. Rxd5 Ra6 35. f4 f6 36. Kf3 Kf7 37. Kg4 Ke6 38. f5+ Ke7 39. Kh5 Kf7 40. g4 Rb8 41. g5 hxg5 42. hxg5 Rh8+ 43. Kg4 fxg5 44. Kxg5 Ra1 45. Rg3 Rh6 46. Rdd3 Rah1 1/2-1/2

[Event "ALB-ch (Women)"]
[Site "Tirana"]
[Date "2017.09.24"]
[Round "2"]
[White "Tuzi, Bruna"]
[Black "Shabanaj, Alda"]
[Result "0-1"]
[WhiteElo "1810"]
[BlackElo "1875"]
[PlyCount "83"]
[EventDate "2017.09.23"]
[EventType "tourn"]
[EventRounds "9"]
[EventCountry "ALB"]
[SourceTitle "EXT 2019"]
[Source "ChessBase"]
[SourceDate "2018.10.10"]
[SourceVersion "1"]
[SourceVersionDate "2018.10.10"]
[SourceQuality "1"]

1. e4 d6 2. d4 Nf6 3. Nc3 g6 4. Nf3 Bg7 5. Be3 0-0 6. Qd2 Ng4 7. Bg5 f6 8. Bc4+ Kh8 9. Bh4 Nc6 10. h3 Nh6 11. g4 Nf7 12. a3 a6 13. Ne2 Bh6 14. Qc3 e5 15. Bxf7 Rxf7 16. dxe5 dxe5 17. Rd1 Qe7 18. 0-0 Bg7 19. Qb3 Rb8 20. Nc3 Be6 21. Nd5 Qf8 22. Bg3 Ne7 23. Qc3 c6 24. Nb6 Nc8 25. Nc4 b5 26. Ne3 Ne7 27. Rd6 Bc8 28. Rfd1 Nd5 29. Qxc6 Bb7 30. Qc5 Rc8 31. Rc6 Rxc6 32. Qxd5 Rxc2 33. Qd3 Rxb2 34. Qc3 Ra2 35. Ra1 Rxa1+ 36. Qxa1 Bxe4 37. Nd2 Bb7 38. Qc3 Qd6 39. Qb3 Rc7 40. Qb2 Qc6 41. f3 Bh6 42. Bf2 0-1

[Event "Olympiad Women-42"]
[Site "Baku"]
[Date "2016.09.08"]
[Round "6.3"]
[White "Shabanaj, Alda"]
[Black "Martinez, Ayelen"]
[Result "0-1"]
[WhiteElo "1881"]
[BlackElo "2219"]
[PlyCount "36"]
[EventDate "2016.09.02"]
[EventType "team-swiss"]
[EventRounds "11"]
[EventCountry "AZE"]
[SourceTitle "CBM 174 Extra"]
[Source "ChessBase"]
[SourceDate "2016.10.10"]
[SourceVersion "1"]
[SourceVersionDate "2016.10.10"]
[SourceQuality "1"]
[WhiteTeam "Albania (W)"]
[BlackTeam "Argentina (W)"]
[WhiteTeamCountry "ALB"]
[BlackTeamCountry "ARG"]

1. d4 Nf6 2. c4 g6 3. Nc3 Bg7 4. e4 d6 5. f4 0-0 6. Nf3 c5 7. d5 e6 8. e5 dxe5 9. fxe5 Ng4 10. Bf4 exd5 11. Nxd5 Re8 12. Qe2 Nc6 13. 0-0-0 Qa5 14. a3 Ngxe5 15. Bd2 Qa4 16. Qf2 Bf5 17. Bc3 Bh6+ 18. Rd2 Qc2# 0-1

[Event "Olympiad Women-42"]
[Site "Baku"]
[Date "2016.09.02"]
[Round "1.9"]
[White "Shabanaj, Alda"]
[Black "Gara, Ticia"]
[Result "0-1"]
[WhiteElo "1881"]
[BlackElo "2379"]
[PlyCount "84"]
[EventDate "2016.09.02"]
[EventType "team-swiss"]
[EventRounds "11"]
[EventCountry "AZE"]
[SourceTitle "CBM 174 Extra"]
[Source "ChessBase"]
[SourceDate "2016.10.10"]
[SourceVersion "1"]
[SourceVersionDate "2016.10.10"]
[SourceQuality "1"]
[WhiteTeam "Albania (W)"]
[BlackTeam "Hungary (W)"]
[WhiteTeamCountry "ALB"]
[BlackTeamCountry "HUN"]

1. d4 Nf6 2. c4 g6 3. Nc3 d5 4. cxd5 Nxd5 5. e4 Nxc3 6. bxc3 Bg7 7. Bc4 c5 8. Ne2 0-0 9. 0-0 Nc6 10. Be3 Qc7 11. Bf4 e5 12. dxe5 Nxe5 13. Qc2 Qe7 14. Bd5 Be6 15. Rad1 Rfe8 16. Bxe6 Qxe6 17. Rd5 c4 18. Nd4 Qg4 19. Bg3 Rad8 20. Rc5 Qd7 21. Bxe5 Bxe5 22. Rxc4 b5 23. Rc5 Bxh2+ 24. Kh1 Re5 25. Rd5 Rxd5 26. exd5 Bc7 27. Nc6 Qd6 28. f4 Re8 29. Qd3 Qf6 30. Qh3 Kg7 31. Nd4 Re5 32. Qd7 Re7 33. Qh3 Re5 34. Qd7 Rh5+ 35. Kg1 Bb6 36. Qxb5 Qh4 37. Qd3 Qh2+ 38. Kf2 Qxf4+ 39. Ke2 Re5+ 40. Kd1 Qg4+ 41. Nf3 Re3 42. Qd2 Qc4 0-1

[Event "Olympiad Women-39"]
[Site "Khanty-Mansiysk"]
[Date "2010.09.28"]
[Round "7.34"]
[White "Shabanaj, Alda"]
[Black "Thorsteinsdottir, Hallgerdur"]
[Result "0-1"]
[WhiteElo "1926"]
[BlackElo "1995"]
[PlyCount "64"]
[EventDate "2010.09.21"]
[EventType "team-swiss"]
[EventRounds "11"]
[EventCountry "RUS"]
[SourceTitle "CBM 139"]
[Source "ChessBase"]
[SourceDate "2010.11.18"]
[SourceVersion "1"]
[SourceVersionDate "2010.11.18"]
[SourceQuality "1"]
[WhiteTeam "Albania (W)"]
[BlackTeam "Island (W)"]
[WhiteTeamCountry "ALB"]
[BlackTeamCountry "ISL"]

1. Nf3 Nf6 2. g3 g6 3. Bg2 Bg7 4. 0-0 0-0 5. c3 c5 6. d3 d5 7. Nbd2 Nc6 8. Qc2 b6 9. e4 dxe4 10. dxe4 Ba6 11. Re1 Qc7 12. e5 Nd7 13. e6 fxe6 14. Rxe6 Rf6 15. Re1 Raf8 16. Ne4 Rxf3 17. Bxf3 Rxf3 18. Ng5 Rf5 19. Qa4 Bb7 20. Qc4+ Kh8 21. Nf7+ Rxf7 22. Qxf7 Nce5 23. Qe8+ Nf8 24. Bf4 Nf3+ 25. Kf1 Ba6+ 26. Kg2 Qb7 27. Kh3 Nxe1 28. Rxe1 Qf3 29. Qb8 Bd3 30. Re5 Bf1+ 31. Kh4 Bf6+ 32. Rg5 Qh5# 0-1

[Event "Mediterranean-ch 7th"]
[Site "Rijeka"]
[Date "2009.09.12"]
[Round "2"]
[White "Shabanaj, Alda"]
[Black "Boric, Elena"]
[Result "0-1"]
[WhiteElo "1959"]
[BlackElo "2259"]
[PlyCount "62"]
[EventDate "2009.09.11"]
[EventType "swiss"]
[EventRounds "9"]
[EventCountry "CRO"]
[SourceTitle "CBM 132 Extra"]
[Source "ChessBase"]
[SourceDate "2009.11.03"]
[SourceVersion "1"]
[SourceVersionDate "2009.11.03"]
[SourceQuality "1"]

1. d4 f5 2. c4 Nf6 3. Nf3 g6 4. g3 Bg7 5. Bg2 0-0 6. Nc3 d6 7. 0-0 Qe8 8. Bf4 h6 9. h4 Nh5 10. Bd2 e5 11. dxe5 dxe5 12. Nd5 Na6 13. Qc2 c6 14. Nb4 Nc7 15. Nh2 Ne6 16. e3 a5 17. Nd3 e4 18. Nc1 Qf7 19. Rb1 Rd8 20. Ne2 Nc5 21. Bc3 Qxc4 22. Rfd1 Rxd1+ 23. Rxd1 Nd3 24. Bf1 Qxa2 25. Nc1 Qf7 26. Nxd3 exd3 27. Bxd3 Be6 28. Nf3 Bb3 29. Qc1 Bxd1 30. Bxg7 Kxg7 31. Qxd1 Qd5 0-1

[Event "EU-ch U18 Girls"]
[Site "Chalkidiki"]
[Date "2001.09.08"]
[Round "8"]
[White "Shabanaj, Alda"]
[Black "Pahor, Andrea"]
[Result "1-0"]
[WhiteElo "2050"]
[BlackElo "2040"]
[PlyCount "87"]
[EventDate "2001.08.31"]
[EventType "swiss"]
[EventRounds "9"]
[EventCountry "GRE"]
[SourceTitle "EXT 2002"]
[Source "ChessBase"]
[SourceDate "2001.11.25"]
[SourceVersion "1"]
[SourceVersionDate "2001.11.25"]
[SourceQuality "1"]

1. d4 Nf6 2. c4 e6 3. g3 Bb4+ 4. Bd2 c5 5. Bxb4 cxb4 6. Bg2 Qc7 7. Nd2 d6 8. Ngf3 0-0 9. 0-0 Bd7 10. Rc1 a5 11. e4 Nc6 12. d5 Nb8 13. Re1 e5 14. Qc2 Na6 15. Rf1 Rac8 16. Ne1 b5 17. b3 a4 18. Nd3 bxc4 19. bxc4 Qb6 20. Rb1 Qa5 21. Qb2 Rb8 22. Rfc1 Rfc8 23. Qc2 Be8 24. Qb2 Nd7 25. Bh3 Rc7 26. Bxd7 Bxd7 27. Kg2 f5 28. f3 Qb6 29. Re1 Rcb7 30. Qc2 Qc7 31. Rec1 Nc5 32. Nxc5 Qxc5 33. Qd3 g6 34. h3 Qc8 35. h4 Kg7 36. Qe3 Rc7 37. h5 Qd8 38. hxg6 hxg6 39. Rh1 g5 40. f4 g4 41. fxe5 Qf8 42. Qh6+ Kf7 43. Qf6+ Ke8 44. Rh8 1-0